[Event "Regionalliga NO 1112"]
[Site "Bayern"]
[Date "2012.01.15"]
[Round "5.1"]
[White "Laubert, Johannes"]
[Black "Aronov, Maksym"]
[Result "1-0"]
[WhiteElo "2141"]
[BlackElo "2254"]
[PlyCount "81"]
[EventDate "2011.10.02"]
[EventType "team-tourn"]
[EventRounds "9"]
[EventCountry "GER"]
[SourceTitle "EXT 2013"]
[Source "ChessBase"]
[SourceDate "2012.11.22"]
[SourceVersion "1"]
[SourceVersionDate "2012.11.22"]
[SourceQuality "1"]
[WhiteTeam "Windischeschenbach"]
[BlackTeam "Fuerth"]
[WhiteTeamCountry "GER"]
[BlackTeamCountry "GER"]

1. e4 d6 2. d4 Nf6 3. Nc3 g6 4. Nf3 Bg7 5. Be2 0-0 6. 0-0 c6 7. Re1 Bg4 8. e5 dxe5 9. dxe5 Nd5 10. Nxd5 cxd5 11. h3 Be6 12. Nd4 Nc6 13. Nxe6 fxe6 14. Bg4 Qc8 15. f4 h5 16. Bf3 Bh6 17. c4 dxc4 18. Qc2 Kg7 19. Qxc4 Nd8 20. Qb4 Rf7 21. h4 Nc6 22. Qe4 a5 23. a3 a4 24. Be2 Ra5 25. Be3 Rf5 26. Rac1 Kh7 27. Bd3 Qf8 28. g3 Bg7 29. Qc4 Qf7 30. Qc2 Rd5 31. Bxf5 gxf5 32. Qxa4 Qg6 33. Kf2 Qg4 34. Rcd1 Nxe5 35. Rxd5 Qf3+ 36. Kg1 Qxg3+ 37. Kf1 Ng4 38. Rd3 Nh2+ 39. Ke2 Qg2+ 40. Kd1 Nf3 41. Bd2 1-0

[Event "Regionalliga NO 1112"]
[Site "Bayern"]
[Date "2011.10.23"]
[Round "2.1"]
[White "Klek, Hanna Marie"]
[Black "Aronov, Maksym"]
[Result "0-1"]
[WhiteElo "2245"]
[BlackElo "2254"]
[PlyCount "78"]
[EventDate "2011.10.02"]
[EventType "team-tourn"]
[EventRounds "9"]
[EventCountry "GER"]
[SourceTitle "EXT 2013"]
[Source "ChessBase"]
[SourceDate "2012.11.22"]
[SourceVersion "1"]
[SourceVersionDate "2012.11.22"]
[SourceQuality "1"]
[WhiteTeam "Erlangen"]
[BlackTeam "Fuerth"]
[WhiteTeamCountry "GER"]
[BlackTeamCountry "GER"]

1. e4 g6 2. d4 Bg7 3. Bc4 c6 4. Qf3 d5 5. exd5 Nf6 6. Nc3 0-0 7. Nge2 b5 8. Bb3 Bg4 9. Qd3 Bf5 10. Qg3 b4 11. dxc6 Nxc6 12. Nd1 e5 13. Bg5 exd4 14. 0-0 Rc8 15. Qh4 Qd6 16. Ng3 Bd7 17. f3 Na5 18. Nf2 Nxb3 19. cxb3 Nd5 20. Nge4 Qb6 21. Rfd1 Rc2 22. Bh6 f6 23. Bxg7 Kxg7 24. Nd2 d3 25. Nc4 Qc5 26. Rxd3 Bc6 27. Qd4 Qe7 28. Ne3 Nxe3 29. Rxe3 Qb7 30. Rae1 Rf7 31. Ng4 Qb6 32. Qf4 g5 33. Qf5 Rxb2 34. Nxf6 Rxf6 35. Qxg5+ Kf7 36. Kh1 Qc7 37. Qc5 Qd6 38. Qxa7+ Kg6 39. Qa5 Bxf3 0-1

[Event "Nuremberg Zabo op 12th"]
[Site "Nuremberg"]
[Date "2010.09.17"]
[Round "1"]
[White "Passon, Marcel"]
[Black "Aronov, Maksym"]
[Result "0-1"]
[WhiteElo "1772"]
[BlackElo "2265"]
[PlyCount "74"]
[EventDate "2010.09.17"]
[EventType "swiss"]
[EventRounds "5"]
[EventCountry "GER"]
[SourceTitle "EXT 2011"]
[Source "ChessBase"]
[SourceDate "2010.11.26"]
[SourceVersion "1"]
[SourceVersionDate "2010.11.26"]
[SourceQuality "1"]

1. d4 Nf6 2. c4 g6 3. Nc3 Bg7 4. e4 0-0 5. Nf3 d6 6. Be2 Nbd7 7. Be3 c5 8. d5 Ng4 9. Bd2 a6 10. 0-0 h6 11. Qc1 Kh7 12. h3 Nge5 13. Nxe5 dxe5 14. Bd3 Nf6 15. Ne2 e6 16. Bc3 exd5 17. exd5 Qd6 18. Ng3 Re8 19. f4 e4 20. Be5 Rxe5 21. fxe5 Qxe5 22. Qe3 Qxb2 23. Bxe4 Ng4 24. Qe2 Bd4+ 25. Kh1 Qxe2 26. Nxe2 Bxa1 27. hxg4 Bxg4 28. Rxf7+ Kg8 29. Rf2 Re8 30. Bf3 Bxf3 31. gxf3 b5 32. Nf4 Re1+ 33. Kg2 bxc4 34. Nxg6 Bd4 35. Rf1 Rxf1 36. Kxf1 Kf7 37. Nf4 Ke7 0-1

[Event "Nuremberg Zabo op 11th"]
[Site "Nuremberg"]
[Date "2009.09.20"]
[Round "4"]
[White "Aronov, Maksym"]
[Black "Hirn, Oskar"]
[Result "1-0"]
[WhiteElo "2263"]
[BlackElo "2161"]
[PlyCount "87"]
[EventDate "2009.09.18"]
[EventType "swiss"]
[EventRounds "5"]
[EventCountry "GER"]
[SourceTitle "EXT 2012"]
[Source "ChessBase"]
[SourceDate "2011.11.24"]
[SourceVersion "1"]
[SourceVersionDate "2011.11.24"]
[SourceQuality "1"]

1. d4 Nf6 2. Nf3 e6 3. e3 Be7 4. Bd3 c5 5. b3 b6 6. Bb2 Bb7 7. 0-0 0-0 8. Nbd2 Nc6 9. a3 Rc8 10. c3 d5 11. c4 cxd4 12. exd4 dxc4 13. bxc4 Qd6 14. Re1 Rfd8 15. Qe2 Qf4 16. Qe3 Qxe3 17. fxe3 Ba6 18. Bf1 Na5 19. Rac1 Rc7 20. e4 Rdc8 21. e5 Nd7 22. d5 exd5 23. cxd5 Rxc1 24. Bxc1 Bc5+ 25. Kh1 Bxf1 26. Nxf1 Nc4 27. Bf4 Bxa3 28. Ng3 Nc5 29. Rd1 a5 30. Nd4 Nxe5 31. Bxe5 Nd3 32. Nb5 Nf2+ 33. Kg1 Nxd1 34. Nxa3 Rc5 35. Nf5 f6 36. Bd6 Rc1 37. Bf4 Ne3+ 38. Kf2 Ng4+ 39. Ke2 Ra1 40. Nb5 Rb1 41. d6 Ne5 42. Bxe5 Rxb5 43. d7 Rxe5+ 44. Ne3 1-0

[Event "Nuremberg Zabo op 11th"]
[Site "Nuremberg"]
[Date "2009.09.19"]
[Round "2"]
[White "Aronov, Maksym"]
[Black "Walter, Florian"]
[Result "1-0"]
[WhiteElo "2263"]
[BlackElo "1894"]
[PlyCount "101"]
[EventDate "2009.09.18"]
[EventType "swiss"]
[EventRounds "5"]
[EventCountry "GER"]
[SourceTitle "EXT 2012"]
[Source "ChessBase"]
[SourceDate "2011.11.24"]
[SourceVersion "1"]
[SourceVersionDate "2011.11.24"]
[SourceQuality "1"]

1. Nf3 d6 2. d4 g6 3. e4 Bg7 4. Nc3 Nd7 5. Bc4 e6 6. Bb3 c5 7. 0-0 Ngf6 8. Bg5 h6 9. Bh4 Qb6 10. Bg3 cxd4 11. Qxd4 Qxd4 12. Nxd4 Nh5 13. Ndb5 Nxg3 14. hxg3 Ke7 15. Rad1 Nc5 16. f4 Rd8 17. f5 gxf5 18. exf5 Be5 19. Rf3 a6 20. Nc7 Rb8 21. fxe6 Bxe6 22. N3d5+ Bxd5 23. Nxd5+ Kf8 24. Rdf1 Rd7 25. Nb6 Re7 26. Rxf7+ Rxf7 27. Rxf7+ Ke8 28. Bd5 Ne6 29. Bxe6 Bd4+ 30. Kh2 Bxb6 31. Rg7 Kd8 32. Kh3 Bd4 33. Rd7+ Ke8 34. c3 Be5 35. a3 b5 36. Ra7 Rb6 37. Bd5 Kd8 38. Kh4 h5 39. g4 hxg4 40. Kxg4 Kc8 41. Kf5 Kb8 42. Ra8+ Kc7 43. g4 Rb8 44. Rxa6 Rf8+ 45. Ke6 Rf2 46. b4 Rc2 47. c4 bxc4 48. Rc6+ Kd8 49. Rxc4 Rf2 50. g5 Rf1 51. Bb7 1-0

[Event "Nuremberg Zabo op 11th"]
[Site "Nuremberg"]
[Date "2009.09.19"]
[Round "3"]
[White "Kirch, Daniel"]
[Black "Aronov, Maksym"]
[Result "0-1"]
[WhiteElo "1985"]
[BlackElo "2263"]
[PlyCount "50"]
[EventDate "2009.09.18"]
[EventType "swiss"]
[EventRounds "5"]
[EventCountry "GER"]
[SourceTitle "EXT 2012"]
[Source "ChessBase"]
[SourceDate "2011.11.24"]
[SourceVersion "1"]
[SourceVersionDate "2011.11.24"]
[SourceQuality "1"]

1. d4 Nf6 2. c4 c6 3. Nc3 d5 4. cxd5 cxd5 5. Nf3 a6 6. Bf4 b5 7. e3 Bg4 8. Qb3 Bxf3 9. gxf3 e6 10. Bd3 Bd6 11. Bg5 0-0 12. e4 Nc6 13. Ne2 Bb4+ 14. Kf1 Nxe4 15. fxe4 Qxg5 16. Rc1 Rac8 17. Rxc6 Rxc6 18. Qxb4 Rfc8 19. Nc3 Qd2 20. Bb1 dxe4 21. Bxe4 Rc4 22. Qd6 Rxd4 23. Qxa6 Rxc3 24. bxc3 Qd1+ 25. Kg2 Qg4+ 0-1

[Event "Nuremberg LGA Cup 6th"]
[Site "Nuremberg"]
[Date "2009.09.05"]
[Round "5"]
[White "Aronov, Maksym"]
[Black "Bindrich, Falko"]
[Result "0-1"]
[WhiteElo "2290"]
[BlackElo "2516"]
[PlyCount "82"]
[EventDate "2009.09.03"]
[EventType "swiss"]
[EventRounds "7"]
[EventCountry "GER"]
[SourceTitle "CBM 132 Extra"]
[Source "ChessBase"]
[SourceDate "2009.11.03"]
[SourceVersion "1"]
[SourceVersionDate "2009.11.03"]
[SourceQuality "1"]

1. d4 d5 2. Nf3 Nf6 3. e3 c6 4. c4 e6 5. Nc3 Nbd7 6. cxd5 exd5 7. Bd3 Bd6 8. 0-0 0-0 9. Qc2 Re8 10. Re1 Nf8 11. h3 Bd7 12. e4 dxe4 13. Nxe4 Nxe4 14. Bxe4 Qa5 15. Bd2 Qh5 16. Ng5 h6 17. Nf3 Re7 18. Bc3 Rae8 19. Ne5 Bc8 20. Bd3 Ne6 21. Nc4 Bc7 22. Qd1 Qd5 23. Qg4 g6 24. Qh4 Nf4 25. Bf1 Rxe1 26. Rxe1 Rxe1 27. Bxe1 Nxg2 28. Bxg2 Qxc4 29. Bc3 Qe2 30. Qxh6 Bb6 31. Qf4 Qe6 32. h4 Kf8 33. Qh6+ Ke7 34. h5 gxh5 35. Bb4+ Kd8 36. Qf8+ Kc7 37. Be7 Kb8 38. Kf1 Bc7 39. b3 Qg4 40. f3 Qe6 41. Bh4 b6 0-1

[Event "Nuremberg LGA Cup 6th"]
[Site "Nuremberg"]
[Date "2009.09.03"]
[Round "1"]
[White "Aronov, Maksym"]
[Black "Hoffmann, Ayar"]
[Result "1-0"]
[WhiteElo "2290"]
[BlackElo "1780"]
[PlyCount "109"]
[EventDate "2009.09.03"]
[EventType "swiss"]
[EventRounds "7"]
[EventCountry "GER"]
[SourceTitle "CBM 132 Extra"]
[Source "ChessBase"]
[SourceDate "2009.11.03"]
[SourceVersion "1"]
[SourceVersionDate "2009.11.03"]
[SourceQuality "1"]

1. e4 c5 2. Nf3 Nc6 3. d4 cxd4 4. Nxd4 d6 5. Nc3 Nf6 6. Bg5 e6 7. Qd2 h6 8. Bxf6 Qxf6 9. Ndb5 Qe7 10. 0-0-0 a6 11. Nxd6+ Qxd6 12. Qxd6 Bxd6 13. Rxd6 Ke7 14. Rd1 Rd8 15. Rxd8 Kxd8 16. f4 f6 17. g3 Kc7 18. Bh3 Bd7 19. a3 Rd8 20. Rd1 Bc8 21. Rxd8 Kxd8 22. Na4 Kc7 23. b4 Nd4 24. Bg2 b6 25. c4 Bd7 26. Nc3 Kd6 27. Kd2 a5 28. Kd3 e5 29. Nd5 axb4 30. axb4 Kc6 31. h3 Be6 32. g4 Bd7 33. fxe5 fxe5 34. Ne7+ Kc7 35. Bf1 Ne6 36. Ke3 Nd4 37. Bd3 Be8 38. h4 Bf7 39. Kf2 Ne6 40. Nd5+ Kc6 41. Kg3 Be8 42. Ne7+ Kd6 43. Nf5+ Kc6 44. c5 bxc5 45. Bc4 Bd7 46. bxc5 Kxc5 47. Bxe6 Bxe6 48. Nxg7 Bf7 49. h5 Kd4 50. Nf5+ Kd3 51. Nxh6 Bb3 52. Nf5 Kxe4 53. h6 Bg8 54. Ne7 Bh7 55. g5 1-0

[Event "Dresden ZMD op"]
[Site "Dresden"]
[Date "2009.08.02"]
[Round "9"]
[White "Aronov, Maksym"]
[Black "Savchenko, Stanislav"]
[Result "0-1"]
[WhiteElo "2290"]
[BlackElo "2526"]
[PlyCount "108"]
[EventDate "2009.07.25"]
[EventType "swiss"]
[EventRounds "9"]
[EventCountry "GER"]
[SourceTitle "CBM 131 Extra"]
[Source "ChessBase"]
[SourceDate "2009.09.03"]
[SourceVersion "2"]
[SourceVersionDate "2009.09.16"]
[SourceQuality "1"]

1. d4 d5 2. Nf3 Nf6 3. e3 c6 4. Bd3 Bg4 5. h3 Bh5 6. g4 Bg6 7. Ne5 Bxd3 8. cxd3 e6 9. Nd2 Nfd7 10. f4 Nxe5 11. dxe5 c5 12. Nf3 Nc6 13. 0-0 Be7 14. e4 dxe4 15. dxe4 Qxd1 16. Rxd1 0-0 17. Be3 Rfd8 18. Kf1 Kf8 19. Ke2 Ke8 20. Rxd8+ Rxd8 21. Rd1 Rxd1 22. Kxd1 Kd7 23. Kd2 b5 24. h4 c4 25. a3 a6 26. Kc3 Bd8 27. Bc5 Ba5+ 28. Kc2 Bd8 29. g5 g6 30. Nh2 Na5 31. Ng4 Nb3 32. Bf2 Na1+ 33. Kd1 Be7 34. Be1 Nb3 35. Bb4 Bd8 36. Nh6 Ke8 37. Ng8 Kd7 38. Ke2 Nd4+ 39. Kf2 Nb3 40. Kf3 a5 41. Bc3 Nc5 42. Nh6 Ke8 43. f5 Nd3 44. fxe6 fxe6 45. Ng4 b4 46. axb4 axb4 47. Bd4 c3 48. bxc3 b3 49. c4 b2 50. Bxb2 Nxb2 51. c5 Nd3 52. Nf6+ Bxf6 53. exf6 Nxc5 54. e5 Kd7 0-1

[Event "Dresden ZMD op"]
[Site "Dresden"]
[Date "2009.07.25"]
[Round "1"]
[White "Aronov, Maksym"]
[Black "Gerntke, Oliver"]
[Result "1-0"]
[WhiteElo "2290"]
[BlackElo "1811"]
[PlyCount "49"]
[EventDate "2009.07.25"]
[EventType "swiss"]
[EventRounds "9"]
[EventCountry "GER"]
[SourceTitle "CBM 131 Extra"]
[Source "ChessBase"]
[SourceDate "2009.09.03"]
[SourceVersion "2"]
[SourceVersionDate "2009.09.16"]
[SourceQuality "1"]

1. d4 d5 2. Nf3 Nf6 3. e3 c6 4. c4 e6 5. Bd3 dxc4 6. Bxc4 Nbd7 7. 0-0 b5 8. Bd3 a6 9. a4 b4 10. a5 Bb7 11. Nbd2 Bd6 12. Nc4 Bc7 13. Bd2 c5 14. Be2 Qe7 15. dxc5 Qxc5 16. Rc1 Qh5 17. h3 g5 18. Nfe5 Qh4 19. Nxd7 Nxd7 20. Bxb4 g4 21. Bxg4 h5 22. Bf3 Rg8 23. Bxb7 Ne5 24. Nxe5 Bxe5 25. Bc6# 1-0

[Event "Mittelfranken-chTB1 0809"]
[Site "Mittelfranken"]
[Date "2009.03.22"]
[Round "8.2"]
[White "Aronov, Maksym"]
[Black "Guthmann, Peter"]
[Result "0-1"]
[WhiteElo "2247"]
[BlackElo "2023"]
[PlyCount "110"]
[EventDate "2008.10.12"]
[EventType "team"]
[EventRounds "9"]
[EventCountry "GER"]
[SourceTitle "EXT 2011"]
[Source "ChessBase"]
[SourceDate "2010.11.26"]
[SourceVersion "1"]
[SourceVersionDate "2010.11.26"]
[SourceQuality "1"]
[WhiteTeam "Fuerth SZ"]
[BlackTeam "Gunzenhausen/Weissenburg"]
[WhiteTeamCountry "GER"]
[BlackTeamCountry "GER"]

1. e4 c5 2. Nf3 d6 3. d4 cxd4 4. Nxd4 Nf6 5. Nc3 a6 6. Be3 Ng4 7. Bg5 h6 8. Bh4 g5 9. Bg3 Bg7 10. Be2 h5 11. h3 h4 12. Bxg4 hxg3 13. Bxc8 gxf2+ 14. Kxf2 Qxc8 15. Nd5 e6 16. Nb6 Qc5 17. Nxa8 Bxd4+ 18. Ke2 Kd7 19. Rf1 f6 20. c3 Be5 21. Qb3 b5 22. a4 Qc6 23. Kd3 Rh4 24. Qb4 Qxa8 25. axb5 f5 26. bxa6 Rxe4 27. Qb5+ Nc6 28. g4 Qa7 29. gxf5 exf5 30. Qb7+ Qxb7 31. axb7 Bf4 32. Rfe1 Rxe1 33. Rxe1 Ne5+ 34. Kd4 Kc7 35. Kd5 Kxb7 36. Rf1 Kc7 37. b3 Kd7 38. h4 Ng4 39. Rf3 Ne5 40. Rf1 Ng4 41. Rf3 Nf6+ 42. Kc4 Ke6 43. hxg5 Bxg5 44. Kd3 Ng4 45. Rf1 f4 46. Ke4 d5+ 47. Kd4 Bf6+ 48. Kc5 Kf5 49. b4 Bxc3 50. b5 Ke4 51. b6 Ne3 52. b7 Be5 53. Rh1 f3 54. Rh4+ Kd3 55. Rh8 f2 0-1

[Event "Mittelfranken-chTB1 0809"]
[Site "Mittelfranken"]
[Date "2009.02.08"]
[Round "6.2"]
[White "Aronov, Maksym"]
[Black "Bolduan, Sebastian"]
[Result "1/2-1/2"]
[WhiteElo "2247"]
[BlackElo "1986"]
[PlyCount "172"]
[EventDate "2008.10.12"]
[EventType "team"]
[EventRounds "9"]
[EventCountry "GER"]
[SourceTitle "EXT 2011"]
[Source "ChessBase"]
[SourceDate "2010.11.26"]
[SourceVersion "1"]
[SourceVersionDate "2010.11.26"]
[SourceQuality "1"]
[WhiteTeam "Fuerth SZ"]
[BlackTeam "Nuernberg NT IV"]
[WhiteTeamCountry "GER"]
[BlackTeamCountry "GER"]

1. e4 c5 2. Nf3 d6 3. Bb5+ Bd7 4. Bxd7+ Qxd7 5. c4 e5 6. 0-0 g6 7. Nc3 Bg7 8. Rb1 Nc6 9. a3 Nge7 10. b4 0-0 11. d3 f5 12. Bg5 h6 13. Bxe7 Nxe7 14. Nd2 f4 15. Nd5 h5 16. bxc5 dxc5 17. Qb3 Rab8 18. Qb5 Qd6 19. f3 g5 20. Nb3 b6 21. a4 g4 22. a5 Ng6 23. axb6 axb6 24. Ra1 Nh4 25. Qc6 Qxc6 26. Ne7+ Kf7 27. Nxc6 Ra8 28. Kf2 Bf6 29. fxg4 hxg4 30. Rfb1 Rxa1 31. Rxa1 Rc8 32. Na7 Ra8 33. Nb5 Rxa1 34. Nxa1 Ng6 35. Nb3 Ke6 36. Nc1 Bd8 37. g3 Kf6 38. Ne2 Ke6 39. Nbc3 Kf6 40. Nd5+ Kg5 41. Kf1 f3 42. Nec3 Nf8 43. Kf2 Nd7 44. h3 gxh3 45. Kxf3 Nf8 46. Ne2 Ne6 47. Ne3 Kh5 48. Nf1 Bg5 49. Ng1 Nd4+ 50. Kf2 Nb3 51. Nxh3 Bh6 52. Ne3 Nc1 53. Nd5 Nxd3+ 54. Kf3 Nb2 55. Nxb6 Bf8 56. Nf2 Bd6 57. Ke2 Bc7 58. Nd5 Bd8 59. Ne3 Bg5 60. Nfg4 Nxc4 61. Nxc4 Kxg4 62. Nxe5+ Kxg3 63. Kd3 Bf6 64. Nd7 Be7 65. Nb6 Bd6 66. Kc4 Kf4 67. Kd5 Be7 68. e5 Kf5 69. Nc8 Bh4 70. Nd6+ Kf4 71. Nc4 Kf5 72. Ne3+ Kg6 73. Kxc5 Kf7 74. Kd5 Be7 75. Nf5 Bg5 76. Nd4 Ke8 77. Ke6 Bh4 78. Nf5 Bg5 79. Nd6+ Kf8 80. Kd7 Bh4 81. Nf5 Bg5 82. e6 Bf6 83. Kd6 Bg5 84. Ke5 Bd8 85. Nd4 Be7 86. Kf5 Ba3 1/2-1/2

[Event "Mittelfranken-chTB1 0809"]
[Site "Mittelfranken"]
[Date "2008.10.12"]
[Round "1.2"]
[White "Grimm, Pascal"]
[Black "Aronov, Maksym"]
[Result "0-1"]
[WhiteElo "1878"]
[BlackElo "2247"]
[PlyCount "48"]
[EventDate "2008.10.12"]
[EventType "team"]
[EventRounds "9"]
[EventCountry "GER"]
[SourceTitle "EXT 2011"]
[Source "ChessBase"]
[SourceDate "2010.11.26"]
[SourceVersion "1"]
[SourceVersionDate "2010.11.26"]
[SourceQuality "1"]
[WhiteTeam "Postbauer II"]
[BlackTeam "Fuerth SZ"]
[WhiteTeamCountry "GER"]
[BlackTeamCountry "GER"]

1. c4 c5 2. Nf3 Nf6 3. g3 b6 4. Bg2 Bb7 5. 0-0 e6 6. b3 Be7 7. Bb2 0-0 8. d3 d5 9. e3 Nc6 10. Nbd2 Qc7 11. a3 Rad8 12. Qc2 Qb8 13. Rac1 Nd7 14. d4 dxc4 15. Nxc4 cxd4 16. exd4 Nf6 17. Ne3 Qa8 18. Rfd1 Na5 19. Ne5 Bxg2 20. Nxg2 Rc8 21. Qd3 Nd5 22. b4 Nc6 23. Qf3 Bg5 24. Rc4 Nxe5 0-1

[Event "Nuremberg-ch op 07th"]
[Site "Nuremberg"]
[Date "2007.05.19"]
[Round "2"]
[White "Aronov, Maksym"]
[Black "Pidtoptanyy, Igor"]
[Result "1-0"]
[WhiteElo "2306"]
[BlackElo "1938"]
[PlyCount "51"]
[EventDate "2007.05.18"]
[EventType "swiss"]
[EventRounds "5"]
[EventCountry "GER"]
[SourceTitle "CBM 118 Extra"]
[Source "ChessBase"]
[SourceDate "2007.07.04"]
[SourceVersion "1"]
[SourceVersionDate "2007.07.04"]
[SourceQuality "1"]

1. e4 e5 2. Nf3 Nc6 3. Bb5 a6 4. Ba4 Nf6 5. 0-0 b5 6. Bb3 Bc5 7. c3 d6 8. d4 exd4 9. cxd4 Bb6 10. h3 h6 11. Nc3 0-0 12. Re1 Re8 13. a3 Ba5 14. Bc2 Bb7 15. b4 Bb6 16. Bf4 Ne7 17. Qd2 c5 18. bxc5 dxc5 19. d5 c4 20. Bxh6 gxh6 21. Qxh6 Ng6 22. e5 Nh7 23. e6 Qf6 24. exf7+ Qxf7 25. Bxg6 Rxe1+ 26. Rxe1 1-0

[Event "Mittelfrankenliga-B1 0607"]
[Site "Mittelfranken"]
[Date "2007.03.11"]
[Round "7.1"]
[White "Greul, Hans"]
[Black "Aronov, Maksym"]
[Result "0-1"]
[WhiteElo "2021"]
[BlackElo "2285"]
[PlyCount "74"]
[EventDate "2006.10.22"]
[EventType "team-tourn"]
[EventRounds "9"]
[EventCountry "GER"]
[SourceTitle "EXT 2011"]
[Source "ChessBase"]
[SourceDate "2010.11.26"]
[SourceVersion "1"]
[SourceVersionDate "2010.11.26"]
[SourceQuality "1"]
[WhiteTeam "Schwabach"]
[BlackTeam "Fuerth SZ"]
[WhiteTeamCountry "GER"]
[BlackTeamCountry "GER"]

1. d4 Nf6 2. Nf3 b6 3. Bg5 Ne4 4. Nbd2 Nxg5 5. Nxg5 e5 6. Ngf3 exd4 7. Nxd4 Bb7 8. e3 g6 9. N2f3 Bg7 10. Be2 0-0 11. c3 c5 12. Nb3 Qe7 13. 0-0 d5 14. Qc2 Nc6 15. Rfd1 Rfd8 16. Rd2 Rac8 17. Qd1 Rc7 18. Qf1 Rcd7 19. Rad1 Rd6 20. Ba6 Ba8 21. Bb5 g5 22. Nc1 g4 23. Ne1 h5 24. Ne2 h4 25. Nf4 d4 26. exd4 cxd4 27. c4 Ne5 28. Ned3 h3 29. Qe2 Qg5 30. Nxe5 Bxe5 31. Nd3 Re6 32. Nxe5 Rxe5 33. Qd3 hxg2 34. Ba4 Be4 35. Qg3 Bf3 36. h4 Qe7 37. Kh2 Re1 0-1

[Event "Mittelfrankenliga-B1 0607"]
[Site "Mittelfranken"]
[Date "2007.02.11"]
[Round "6.1"]
[White "Kirbach, Thomas"]
[Black "Aronov, Maksym"]
[Result "0-1"]
[WhiteElo "1914"]
[BlackElo "2285"]
[PlyCount "79"]
[EventDate "2006.10.22"]
[EventType "team-tourn"]
[EventRounds "9"]
[EventCountry "GER"]
[SourceTitle "EXT 2011"]
[Source "ChessBase"]
[SourceDate "2010.11.26"]
[SourceVersion "1"]
[SourceVersionDate "2010.11.26"]
[SourceQuality "1"]
[WhiteTeam "Fuerth SF"]
[BlackTeam "Fuerth SZ"]
[WhiteTeamCountry "GER"]
[BlackTeamCountry "GER"]

1. d4 Nf6 2. c4 e6 3. Nf3 c5 4. d5 b5 5. e3 Bb7 6. cxb5 Bxd5 7. Nc3 Bb7 8. Be2 d5 9. 0-0 Bd6 10. Qa4 0-0 11. Qh4 e5 12. Ne1 Nbd7 13. f4 e4 14. Nc2 Nb6 15. Rd1 a5 16. a4 Qc7 17. Kh1 Rad8 18. Bd2 Nc8 19. b6 Qxb6 20. Nb5 Ne7 21. Qe1 Nc6 22. Nca3 Bb8 23. Bc3 Nb4 24. Qh4 Nd7 25. Qg4 Qg6 26. Qh4 f5 27. g4 d4 28. gxf5 Qxf5 29. Bg4 Qg6 30. Bd2 Nd3 31. Rg1 Qf6 32. Qxf6 Nxf6 33. Be6+ Kh8 34. Bxa5 Rde8 35. Bh3 dxe3 36. Bc7 e2 37. Nd6 Bc6 38. Rge1 Nxe1 39. Rxe1 Bxc7 40. Nxe8 0-1

[Event "Nuremberg LGA Cup 3rd"]
[Site "Nuremberg"]
[Date "2006.09.09"]
[Round "3.10"]
[White "Aronov, Maksym"]
[Black "Ginsburg, Gennadij"]
[Result "0-1"]
[WhiteElo "2322"]
[BlackElo "2506"]
[PlyCount "101"]
[EventDate "2006.09.07"]
[EventType "swiss"]
[EventRounds "7"]
[EventCountry "GER"]
[SourceTitle "CBM 114 Extra"]
[Source "ChessBase"]
[SourceDate "2006.11.03"]
[SourceVersion "1"]
[SourceVersionDate "2006.11.03"]
[SourceQuality "1"]

1. e4 c5 2. Nc3 Nc6 3. g3 g6 4. Bg2 Bg7 5. d3 d6 6. Be3 e5 7. Qd2 Nd4 8. Nd5 Nf6 9. Nxf6+ Qxf6 10. c3 Nc6 11. Ne2 0-0 12. f4 Qe7 13. 0-0 f5 14. Rad1 Bd7 15. fxe5 dxe5 16. Nc1 Rae8 17. Nb3 b6 18. Na1 Kh8 19. Nc2 Rf7 20. Bg5 Qd6 21. Ne3 Ne7 22. Rf2 Ref8 23. Rdf1 Ng8 24. Nc4 Qe6 25. Ne3 Qd6 26. Nc4 Qe6 27. Bh3 h6 28. Be3 Qe7 29. Bg2 Kh7 30. Re2 b5 31. Na5 Be6 32. b4 cxb4 33. cxb4 Rc8 34. exf5 gxf5 35. d4 e4 36. d5 Bd7 37. Bc5 Rxc5 38. bxc5 Qxc5+ 39. Kh1 Nf6 40. Rd1 Ng4 41. Nb3 Qb6 42. Rf1 Kg8 43. h3 Nf6 44. Qe1 Qd6 45. Nc1 Nh5 46. Re3 Bd4 47. Rb3 Be5 48. Ne2 Rg7 49. g4 fxg4 50. Bxe4 Nf6 51. Nc1 0-1

[Event "Nuremberg LGA Cup 3rd"]
[Site "Nuremberg"]
[Date "2006.09.07"]
[Round "1.36"]
[White "Eber, Fabian"]
[Black "Aronov, Maksym"]
[Result "0-1"]
[WhiteElo "1701"]
[BlackElo "2322"]
[PlyCount "82"]
[EventDate "2006.09.07"]
[EventType "swiss"]
[EventRounds "7"]
[EventCountry "GER"]
[SourceTitle "EXT 2022"]
[Source "ChessBase"]
[SourceDate "2021.10.06"]
[SourceVersion "1"]
[SourceVersionDate "2021.10.06"]
[SourceQuality "1"]

1. e4 c5 2. Nf3 Nf6 3. Nc3 d6 4. Bc4 Nc6 5. h3 e6 6. d3 a6 7. a4 d5 8. exd5 exd5 9. Bb3 Be7 10. Bg5 Be6 11. Qe2 0-0 12. 0-0 Re8 13. Rfe1 Qd7 14. Qf1 b6 15. Ne5 Nxe5 16. Rxe5 h6 17. Bd2 b5 18. axb5 axb5 19. Ree1 c4 20. Ba2 d4 21. Ne4 Rec8 22. c3 dxc3 23. bxc3 Ra4 24. Nxf6+ Bxf6 25. Reb1 Rca8 26. Rb2 b4 27. d4 b3 28. Qc1 Qb5 29. g4 Rxa2 30. Raxa2 Rxa2 31. Qb1 Qa4 32. Kh2 Rxb2 33. Qxb2 Qa2 34. Bc1 Bg5 35. Qxa2 bxa2 36. Bb2 Bf4+ 37. Kg2 Bd5+ 38. Kf1 Bf3 39. Ke1 Kf8 40. Ba1 Ke7 41. Bb2 Ke6 0-1

[Event "Mittelfrankenliga-B2a 0506"]
[Site "Germany"]
[Date "2006.04.02"]
[Round "8.2"]
[White "Simon, Martin"]
[Black "Aronov, Maksym"]
[Result "0-1"]
[WhiteElo "1916"]
[BlackElo "2291"]
[PlyCount "70"]
[EventDate "2005.10.16"]
[EventType "team-tourn"]
[EventRounds "9"]
[EventCountry "GER"]
[SourceTitle "EXT 2007"]
[Source "ChessBase"]
[SourceDate "2006.11.23"]
[SourceVersion "1"]
[SourceVersionDate "2006.11.23"]
[SourceQuality "1"]

1. e4 g6 2. d4 Bg7 3. c3 d6 4. f4 Nf6 5. Bd3 0-0 6. Nf3 Bg4 7. Be3 Nbd7 8. h3 Bxf3 9. Qxf3 e5 10. Nd2 Nh5 11. g4 Nxf4 12. Bxf4 exf4 13. Qxf4 c5 14. d5 Ne5 15. Be2 Qh4+ 16. Qf2 Qxf2+ 17. Kxf2 f5 18. exf5 gxf5 19. g5 f4 20. Ne4 f3 21. Bf1 Rf4 22. Re1 Rd8 23. Re3 Kh8 24. Kg3 Ng6 25. Nf6 Rf5 26. h4 Bxf6 27. gxf6 Ne5 28. Bh3 Rg8+ 29. Kf2 Rxf6 30. Rg1 Rxg1 31. Kxg1 Rf4 32. Kf2 Rxh4 33. Rxe5 dxe5 34. d6 Rxh3 35. d7 Rh2+ 0-1